00324nam a2200109Ia 4500008004100000082000800041100002200049245002700071942000600098952009500104999001500199240331s9999 xx 000 0 und d bPAR aParameswaran, P.R 0aMarxia ulaga kannottam cL 001040708LaWERCLbWERCLcSSCd2024-03-31l0o 335 PARp1186r2024-03-31w2024-03-31yL c3581d3581